Estadísticas para Países que Terminan en O

Haz click aquí para tomar la prueba!

Estadísticas generales

  • Esta prueba ha sido tomada 2,831 veces
    (2,761 desde el último reinicio)
  • La puntuación promedio es 10 de 17

Estadísticas de respuestas

País % Correcto
México
77%
República del Congo
76%
R. D. Congo
76%
Togo
71%
Egipto
66%
Mónaco
62%
Kosovo
61%
Lesoto
60%
Líbano
55%
San Marino
50%
Reino Unido
50%
Vaticano
50%
Montenegro
49%
Luxemburgo
49%
Mauricio
45%
Trinidad y Tobago
41%
Burkina Faso
36%

Distribución de puntuación

Porcentaje por número respondido

Porcentaje de gente con cada puntuación

Historial de tus puntuaciones

No has tomado esta prueba desde el último reinicio